| 000 | 00596nam a2200133Ia 4500 | ||
|---|---|---|---|
| 008 | 170516s9999 xx 000 0 und d | ||
| 245 | _aValue of Perfusion CT, Transcranial Doppler Sonography, and Neurological Examination to Detect Delayed Vasospasm after Aneurysmal Subarachnoid Hemorrhage, Ekkehard Kunze, Mirko Pham, Furat Raslan, Christian Stetter, Jin-Yul Lee, Laszlo Solymosi, Ralf-Ingo | ||
| 260 | _bRadiology Research and Practice | ||
| 260 | _c2012 | ||
| 300 | _a: | ||
| 650 | _xRadiologic Technology | ||
| 650 | _xRadtech | ||
| 856 | _uhttps://www.hindawi.com/journals/rrp/contents/4/ | ||
| 999 |
_c332977 _d332977 |
||